Rubens in der deutschen Kunst betrachtung (Record no. 5110)

MARC details
000 -CABECERA
campo de control de longitud fija 00788nam a2200253 a 4500
001 - NÚMERO DE CONTROL
campo de control BRCA_5416
005 - FECHA Y HORA DE LA ÚLTIMA TRANSACCIÓN
campo de control 20190320205052.0
008 - DATOS DE LONGITUD FIJA--INFORMACIÓN GENERAL
campo de control de longitud fija 101210s1947----gw-a######---#000-0#ger-#
041 ## - CÓDIGO DE LENGUA
Código de lengua del texto/banda sonora o título independiente ger
044 ## - CÓDIGO DEL PAÍS DE LA ENTIDAD EDITORA/PRODUCTORA
Código MARC del país gw
050 #4 - SIGNATURA TOPOGRÁFICA DE LA BIBLIOTECA DEL CONGRESO
Número de clasificación ND673
Número de documento/Ítem .W85 1947
100 1# - ENTRADA PRINCIPAL--NOMBRE DE PERSONA
Nombre de persona Wülfingen, O. Bock von
9 (RLIN) 13838
245 10 - MENCIÓN DE TÍTULO
Título Rubens in der deutschen Kunst betrachtung
Mención de responsabilidad, etc. O. Bock von Wülfingen.
260 ## - PUBLICACIÓN, DISTRIBUCIÓN, ETC.
Lugar de publicación, distribución, etc. Berlín
Nombre del editor, distribuidor, etc. Gebr. Mann
Fecha de publicación, distribución, etc. 1947
300 ## - DESCRIPCIÓN FÍSICA
Extensión 136 p.
Otras características físicas il., 16 láminas
Dimensiones 1947
500 ## - NOTA GENERAL
Nota general Incluye índice de ilustraciones e índice alfabético
500 ## - NOTA GENERAL
Nota general Incluye referencias bibliográficas
500 ## - NOTA GENERAL
Nota general Estado físico: Encuadernación deteriorada
500 ## - NOTA GENERAL
Nota general E138
600 14 - PUNTO DE ACCESO ADICIONAL DE MATERIA--NOMBRE DE PERSONA
Nombre de persona Rubens, Peter Paul
Fechas asociadas al nombre 1577-1640
9 (RLIN) 5125
650 14 - PUNTO DE ACCESO ADICIONAL DE MATERIA--TÉRMINO DE MATERIA
Término de materia o nombre geográfico como elemento de entrada Pintores flamencos
9 (RLIN) 7571
902 ## - CATALOGADOR
Iniciales GFM
942 ## - ELEMENTOS DE PUNTO DE ACCESO ADICIONAL (KOHA)
Fuente del sistema de clasificación o colocación Library of Congress Classification
Tipo de ítem Koha Libros
Holdings
Estado de retiro Estado de pérdida Estado dañado No para préstamo Localización permanente Ubicación/localización actual Fecha de adquisición Número de inventario Total de préstamos Signatura topográfica completa Código de barras Fecha visto por última vez Precio válido a partir de Tipo de ítem Koha
El ejemplar forma parte de la colección y puede ser consultado según las políticas vigentes.       Biblioteca del Museo Franz Mayer (Rogerio Casas-Alatriste) Biblioteca del Museo Franz Mayer (Rogerio Casas-Alatriste) 10/12/2010 E138   ND673 .W85 1947 (E138) 5851 22/03/2019 22/03/2019 Libros